[Event "COL-chT"]
[Site "Bucaramanga"]
[Date "2022.09.09"]
[Round "6.4"]
[White "Villa, Huber"]
[Black "Robles Fonseca, Javier Enrique"]
[Result "1/2-1/2"]
[WhiteElo "2134"]
[BlackElo "1430"]
[PlyCount "152"]
[EventDate "2022.09.06"]
[EventType "team-swiss"]
[EventRounds "7"]
[EventCountry "COL"]
[SourceTitle "CBM 210 Extra"]
[Source "ChessBase"]
[SourceDate "2022.11.30"]
[SourceVersion "1"]
[SourceVersionDate "2022.11.30"]
[SourceQuality "1"]
[WhiteTeam "Cordoba"]
[BlackTeam "Sucre"]
[WhiteTeamCountry "COL"]
[BlackTeamCountry "COL"]

1. d4 d5 2. Nf3 Nf6 3. g3 g6 4. Bg2 Bg7 5. 0-0 0-0 6. Ne5 Nbd7 7. f4 c6 8. e3 Ne4 9. Nd2 f5 10. Nxe4 fxe4 11. c4 Nxe5 12. fxe5 e6 13. Rxf8+ Qxf8 14. Bd2 b6 15. Rc1 Bb7 16. Qg4 Qf5 17. Qh4 g5 18. Qh5 g4 19. Qxf5 exf5 20. cxd5 cxd5 21. Rc7 Ba6 22. Bc3 Bh6 23. Kf2 Bb5 24. b3 a6 25. Bb4 Bg5 26. a4 Bd8 27. Rc3 a5 28. Bd6 Bd7 29. Bf1 Kf7 30. Ke1 Rc8 31. Rxc8 Bxc8 32. Bb5 Ke6 33. Kd2 h6 34. Be8 Ba6 35. Bf8 Bg5 36. b4 Bc4 37. Bc6 Bd3 38. bxa5 bxa5 39. Bc5 Bd8 40. Bb7 Bc4 41. Bc8+ Kf7 42. Bxf5 h5 43. Bd7 Bb3 44. Kc3 Bc4 45. Bf5 Ba2 46. h4 gxh3 47. Bxh3 Bc4 48. Bf5 Be2 49. Bd7 Bg4 50. Bc6 Be6 51. Kd2 Kg6 52. Be8+ Kg5 53. Ke2 Kg4 54. Kf2 Kg5 55. Kg2 Kg4 56. Bb5 Kg5 57. Kh2 Kg4 58. Be2+ Kg5 59. Bf1 Bg4 60. Bh3 Kf5 61. Bf1 Kg5 62. Bb5 Be6 63. Be8 Kg4 64. Kg2 Kg5 65. Bf8 Kg4 66. Bh6 Bg5 67. Bxg5 Kxg5 68. Kf2 Kg4 69. Bb5 Kg5 70. Kg2 Kg4 71. Be2+ Kg5 72. Kh2 Kg6 73. Bf1 Kf7 74. Bh3 Bg4 75. Bf1 Be6 76. Bb5 Kg6 1/2-1/2

[Event "COL-ch sf"]
[Site "Santa Rosa"]
[Date "2011.06.27"]
[Round "11"]
[White "Corredor Sanchez, Fabian Ricardo"]
[Black "Villa, Huber"]
[Result "0-1"]
[WhiteElo "1990"]
[BlackElo "2119"]
[PlyCount "82"]
[EventDate "2011.06.22"]
[EventType "swiss"]
[EventRounds "11"]
[EventCountry "COL"]
[SourceTitle "CBM 143 Extra"]
[Source "ChessBase"]
[SourceDate "2011.08.29"]
[SourceVersion "1"]
[SourceVersionDate "2011.08.29"]
[SourceQuality "1"]

1. e4 c5 2. Nf3 Nc6 3. d4 cxd4 4. Nxd4 d6 5. Nc3 e5 6. Ndb5 Nf6 7. Bg5 Be6 8. Bxf6 gxf6 9. Nd5 Rc8 10. c3 a6 11. Na3 f5 12. exf5 Bxf5 13. Qf3 Qg5 14. h4 Qg6 15. g4 Be6 16. Nf6+ Kd8 17. Bd3 Qg7 18. Nc4 Be7 19. g5 Bxf6 20. gxf6 Qf8 21. Nb6 Rc7 22. Rd1 Rg8 23. Bf5 h6 24. Ke2 Rd7 25. Nxd7 Kxd7 26. Rd2 Kc7 27. b3 d5 28. b4 Qd6 29. Rdd1 e4 30. Qh5 Qe5 31. Rhg1 Rxg1 32. Rxg1 Qxc3 33. Rg3 Qc1 34. f3 Nd4+ 35. Kf2 Nxf5 36. Rg7 e3+ 37. Kg2 Qd2+ 38. Kh1 Qe1+ 39. Kh2 e2 40. Rxf7+ Kb6 41. Qg4 Qf2+ 0-1

[Event "COL-ch sf"]
[Site "Santa Rosa"]
[Date "2011.06.26"]
[Round "9"]
[White "Villa, Huber"]
[Black "Valle, Efrain"]
[Result "0-1"]
[WhiteElo "2119"]
[BlackElo "2206"]
[PlyCount "72"]
[EventDate "2011.06.22"]
[EventType "swiss"]
[EventRounds "11"]
[EventCountry "COL"]
[SourceTitle "CBM 143 Extra"]
[Source "ChessBase"]
[SourceDate "2011.08.29"]
[SourceVersion "1"]
[SourceVersionDate "2011.08.29"]
[SourceQuality "1"]

1. d4 Nf6 2. Nc3 c5 3. e3 e6 4. Nf3 d5 5. g3 Nc6 6. Bg2 Rb8 7. 0-0 b5 8. b3 c4 9. a4 b4 10. Ne2 Ba6 11. Re1 Ne4 12. bxc4 Bxc4 13. Nd2 Bxe2 14. Qxe2 Nc3 15. Qd3 f5 16. Nb3 Na5 17. f3 Nxb3 18. cxb3 Bd6 19. e4 0-0 20. Bd2 Qb6 21. exf5 exf5 22. Re6 Rbc8 23. Kh1 Rc6 24. Rae1 f4 25. g4 a5 26. Re8 g6 27. R1e6 Rxe8 28. Rxe8+ Kf7 29. Re1 Qc7 30. Bf1 Be7 31. Re5 Bf6 32. Bxf4 Bxe5 33. Bxe5 Qe7 34. Qe3 Nd1 35. Qf4+ Kg8 36. Kg2 g5 0-1

[Event "COL-ch sf"]
[Site "Santa Rosa"]
[Date "2011.06.24"]
[Round "6"]
[White "Guzman, Pedro Juan"]
[Black "Villa, Huber"]
[Result "0-1"]
[WhiteElo "2001"]
[BlackElo "2119"]
[PlyCount "74"]
[EventDate "2011.06.22"]
[EventType "swiss"]
[EventRounds "11"]
[EventCountry "COL"]
[SourceTitle "CBM 143 Extra"]
[Source "ChessBase"]
[SourceDate "2011.08.29"]
[SourceVersion "1"]
[SourceVersionDate "2011.08.29"]
[SourceQuality "1"]

1. e4 e6 2. d4 d5 3. Nd2 Nf6 4. e5 Nfd7 5. Bd3 c5 6. c3 Nc6 7. Ndf3 Be7 8. Ne2 b6 9. 0-0 Bb7 10. Re1 Qc7 11. Bf4 h6 12. Rc1 g5 13. Bg3 0-0-0 14. Qa4 g4 15. Nd2 c4 16. Nxc4 dxc4 17. Bxc4 Na5 18. Bd3 Bg5 19. Rc2 h5 20. c4 h4 21. Bf4 Bxf4 22. Nxf4 Nc6 23. c5 bxc5 24. Bb5 Nb6 25. Qa3 Rxd4 26. Qe3 Nb4 27. Rc3 N4d5 28. Nxd5 Nxd5 29. Qxd4 cxd4 30. Rxc7+ Kxc7 31. a3 Nf4 32. Rd1 Rd8 33. g3 hxg3 34. fxg3 Ng6 35. b4 Nxe5 36. a4 d3 37. Kf2 a6 0-1

[Event "Bogota Mila Memorial op"]
[Site "Bogota"]
[Date "2009.04.??"]
[Round "8"]
[White "De Arco, Luis Carlos"]
[Black "Villa, Huber"]
[Result "1-0"]
[WhiteElo "2214"]
[BlackElo "2119"]
[PlyCount "67"]
[EventDate "2009.04.??"]
[EventType "swiss"]
[EventRounds "9"]
[EventCountry "COL"]
[SourceTitle "EXT 2014"]
[Source "ChessBase"]
[SourceDate "2013.11.20"]
[SourceVersion "1"]
[SourceVersionDate "2013.11.20"]
[SourceQuality "1"]

1. e4 e6 2. d4 d5 3. Nd2 Nf6 4. e5 Nfd7 5. Bd3 c5 6. c3 Nc6 7. Ne2 b6 8. 0-0 Bb7 9. f4 g6 10. Nf3 Be7 11. Be3 h6 12. a3 Qc7 13. g4 0-0-0 14. Kh1 Rhg8 15. b4 c4 16. Bc2 a6 17. f5 gxf5 18. gxf5 Bg5 19. Nxg5 hxg5 20. Kg1 Ndxe5 21. dxe5 d4 22. cxd4 Nxe5 23. Ng3 Nc6 24. fxe6 fxe6 25. Be4 Nxd4 26. Bxb7+ Kb8 27. Bg2 g4 28. Bxd4 e5 29. Bc3 Rxd1 30. Raxd1 b5 31. Rd5 Re8 32. Ne4 Qb6+ 33. Nc5 g3 34. Bxe5+ 1-0